Normal view
MARC view
- PRODUCTION ENGINEERING CONCURRENT ENGINEERING DESIGN,INDUSTRIAL
Entry Topical Term
001 - CONTROL NUMBER
- control field: 56608
003 - CONTROL NUMBER IDENTIFIER
- control field: NUST
005 - DATE AND TIME OF LATEST TRANSACTION
- control field: 20210628201735.0
008 - FIXED-LENGTH DATA ELEMENTS
- fixed length control field: 210628|| aca||aabn | a|a d
040 ## - CATALOGING SOURCE
- Original cataloging agency: NUST
- Transcribing agency: NUST
150 ## - HEADING--TOPICAL TERM
- Topical term or geographic name entry element: PRODUCTION ENGINEERING CONCURRENT ENGINEERING DESIGN,INDUSTRIAL
670 ## - SOURCE DATA FOUND
- Source citation: Work cat.: (NUST): Prasad, Biren 56607, Concurrent engineering fundamentals,vol:1 integrated product and procss organization, 1996
